logo

Bir Sreshtho Munshi Abdur Rouf Library
Jhenaidah Cadet College

Poetry of the Victorian period, (Record no. 9304)

MARC details
000 -LEADER
fixed length control field 00741cam a2200229u 4500
001 - CONTROL NUMBER
JCCL Control Number 9304
003 - CONTROL NUMBER IDENTIFIER
JCCL marc code BD-JhCC
005 - DATE AND TIME OF LATEST TRANSACTION
control field 20180925115824.0
008 - FIXED-LENGTH DATA ELEMENTS--GENERAL INFORMATION
fixed length control field 830309s1930 ilu b 000 0ceng
035 ## - SYSTEM CONTROL NUMBER
system control number (BD-JhCC)9304
040 ## - CATALOGING SOURCE
Original cataloging agency DLC
Transcribing agency CarP
Modifying agency DLC
-- BD-JhCC
041 ## - LANGUAGE CODE
Language code of Book eng
050 00 - LIBRARY OF CONGRESS CALL NUMBER
Classification number PR1223
Item number .W6
082 ## - DEWEY DECIMAL CLASSIFICATION NUMBER
Author mark and Year WOO 1930
Classification number 821
100 1# - MAIN ENTRY--PERSONAL NAME
Personal name Woods, George Benjamin,
Dates associated with a name 1878- [from old catalog]
245 10 - TITLE STATEMENT
Title Poetry of the Victorian period,
Statement of responsibility, etc selected and edited, with critical and explanatory notes, brief biographies, and bibliographies,
260 ## - PUBLICATION, DISTRIBUTION, ETC. (IMPRINT)
Place of publication, distribution, etc Chicago,
-- Atlanta [etc.]
Name of publisher, distributor, etc Scott, Foresman and company,
Date of publication, distribution, etc 1930.
300 ## - PHYSICAL DESCRIPTION
Pagination xviii, 1112 p.
Dimensions 24 cm.
650 #0 - SUBJECT ADDED ENTRY--TOPICAL TERM
Topical term or geographic name as entry element English poetry
Chronological subdivision 19th century.
942 ## - ADDED ENTRY ELEMENTS (KOHA)
Source of classification or shelving scheme Dewey Decimal Classification
Koha item type Books
Holdings
Source of classification or shelving scheme Damaged status Not for loan Home library Current library Shelving location Total Checkouts Full call number Barcode Date last seen Copy number Koha item type
Dewey Decimal Classification     JCC Rouf Library JCC Rouf Library General Stacks   821 WOO 1930 12461 03/12/2018 C - 1 Books

JCC Library | Contacts | JCC Home

Last Update on 23 September 2017
Copyright @ 2017-2020 JCC Rouf Library
Rouf Library, Jhenidah Cadet College (JCC), Bangladesh